000 00351nam a22001457a 4500
008 230517b ||||| |||| 00| 0 eng d
020 _a9781576078662
041 _aeng
080 _2VOLUME 1,2
_a94
082 _a94NOR
100 _a28
101 _aHIS
245 _aTHE AMERICAN ECONOMY A HISTORICAL ENCYCLOPEDIA
_cNORTHRUP.C.C
942 _2udc
_cBK
999 _c59757
_d59757